LEADER 01608nam a2200289 4500 001 000000330845 003 CaOOAMICUS 005 20181023103639.0 008 181023s2014 xxu 000 u eng r 040 $aSeMil$bita 100 1 $aRyan, Patrick J.$0(OLS)http://semarc/name/81766 245 10$aInterfaith marriage : $ba concern for Jews, Christians and Muslims /$cThe reverend Patrick J Ryan ; respondents rabbi Daniel Polish, professor Jerusha Tanner Lamptey. 264 1$aNew York :$bFordham University,$c2014. 300 $a46 p. :$c22 cm 490 1 $aAnnual fall McGinley lecture ;$v2014 505 0 $aInterfaith marriage in the Jewish tradition; Interfaith marriage in the Christian tradition; Interfaith marriage in the Muslim tradition; Love happens: interfaith marriage today / Patrick J. Ryan. A Jewish response / Daniel Polish. A Muslima response / Jerusha Tanner Lamptey 541 $aFondo Card. Angelo Scola 650 4$aMatrimoni interconfessionali.$0(OLS)http://semarc/subject/42634 700 1 $aTanner Lamptey, Jerusha.$0(OLS)http://semarc/name/108349 700 1 $aPolish, Daniel,$c.$0(OLS)http://semarc/name/81767 830 0$aAnnual fall McGinley lecture ;$v2014.$0(OLS)http://semarc/title/419416 850 $aSeMil 852 $aSeMil$W1$xVenegono$y1$m5D XII 29/12$j221498$B233058$CSeMilBibl$Z2$F233058 $81 941 1 $a6 996 $6245$aInterfaith marriage : $ba concern for Jews, Christians and Muslims$9(OLS)http://semarc/title/419418 996 $6264$aNew York :$bFordham University$9(OLS)http://semarc/publisher/50197 LEADER 01398nam a2200265 i 4500 001 000000042484 003 CaOOAMICUS 005 20250704151605.0 008 041125s1992 it u000 u ita u 040 $aSeMil$bita 100 1 $aBarelli, Stefano.$0(OLS)http://semarc/name/21041 245 13$aLa biblioteca del convento di san Pietro martire di Barlassina :$bcontributo alla storia delle biblioteche conventuali lombarde /$cdi Stefano Barelli, Delia Eusebio, Edoardo Fumagalli. 264 1$aRoma :$bIstituto Storico Domenicano,$c1992. 300 $aP. 246-328 ;$c24 cm. 500 $aEstratto da: Archivum Fratrum Praedicatorum, v. 62, 1992 650 4$aBarlassina - Convento di San Pietro Martire - Biblioteca.$0(OLS)http://semarc/subject/9060 650 4$aBiblioteche conventuali - Lombardia.$0(OLS)http://semarc/subject/9061 700 1 $aFumagalli, Edoardo.$0(OLS)http://semarc/name/21043 700 1 $aEusebio, Delia.$0(OLS)http://semarc/name/21042 850 $aSeMil 852 $aSeMil$W1$xVenegono$y1$m3Y III 13$j259143$B8639$CSeMilBibl$Z2$F8639 $81 961 $aOmaggio: Donazione 996 $6245$aLa biblioteca del convento di san Pietro martire di Barlassina :$bcontributo alla storia delle biblioteche conventuali lombarde$9(OLS)http://semarc/title/61992 996 $6264$aRoma :$bIstituto Storico Domenicano$9(OLS)http://semarc/publisher/33463